Remolino de voces (Record no. 13469)

MARC details
000 -LEADER
campo de control de longitud fija 00908nam a2200229 i 4500
001 - NÚMERO DE CONTROL
campo de control 13469
003 - IDENTIFICADOR DE NÚMERO DE CONTROL
campo de control ES-MaACL
005 - FECHA Y HORA DE LA ÚLTIMA TRANSACCIÓN
campo de control 20230906150604.0
007 - CAMPO FIJO DE DESCRIPCIÓN FÍSICA--INFORMACIÓN GENERAL
campo de control de longitud fija t|
008 - DATOS DE LONGITUD FIJA--INFORMACIÓN GENERAL
campo de control de longitud fija 980415s1996 sp ||||1| spa d
020 ## - NÚMERO INTERNACIONAL ESTÁNDAR DEL LIBRO
Número Internacional Estándar del Libro 84-7785-046-1
080 ## - NÚMERO DE LA CLASIFICACIÓN DECIMAL UNIVERSAL
Número de la Clasificación Decimal Universal 821.134.2 Hinojosa, José María 1.06
245 00 - MENCIÓN DEL TÍTULO
Título Remolino de voces
Resto del título : la recepción de la obra de José María Hinojosa (1927-1929) /
Mención de responsabilidad, etc. C. M. Arconada... [et al.] ; edición e introducción de Alfonso Sánchez Rodríguez.
260 ## - PUBLICACIÓN, DISTRIBUCIÓN, ETC.
Lugar de publicación, distribución, etc. Málaga :
Nombre del editor, distribuidor, etc. Centro Cultural de la Generación del 27,
Fecha de publicación, distribución, etc. 1996.
300 ## - DESCRIPCIÓN FÍSICA
Extensión 68 p. [4 h.] ;
Dimensiones 22 cm.
600 14 - PUNTO DE ACCESO ADICIONAL DE MATERIA--NOMBRE DE PERSONA
Nombre de persona Hinojosa, José María-
Subdivisión general Crítica e interpretación.
9 (RLIN) 63774
700 1# - ENTRADA AGREGADA--NOMBRE PERSONAL
Nombre de persona Arconada, César M.,
Fechas asociadas al nombre 1898-1964
9 (RLIN) 142239
700 1# - ENTRADA AGREGADA--NOMBRE PERSONAL
Nombre de persona Sánchez Rodríguez, Alfonso.
9 (RLIN) 102885
710 2# - ENTRADA AGREGADA--NOMBRE DE ENTIDAD CORPORATIVA
Nombre de entidad corporativa o nombre de jurisdicción como elemento de entrada Centro Cultural Generación del 27.
9 (RLIN) 2582
852 ## - LOCALIZACIÓN
Ubicación ES-MaACL
Número de control de estantería L-20793
Sublocalización o colección R.126404
Holdings
Estatus retirado Estado de pérdida Estado de daño No para préstamo Biblioteca de origen Biblioteca actual Ubicación en estantería Fecha de adquisición Fuente de adquisición Total de préstamos Signatura topográfica completa Código de barras Visto por última vez Precio de reemplazo Tipo de ítem Koha
        Biblioteca del Ateneo de Madrid Biblioteca del Ateneo de Madrid Depósito 2 17/01/2008     L-20793 1013712 23/02/2023 23/02/2023 Libro impreso